Energy and economic development : An analysis of energy-economy interactions (Record no. 13618)
[ view plain ]
| 000 -LEADER | |
|---|---|
| fixed length control field | 00547nam a2200193Ia 4500 |
| 082 ## - DEWEY DECIMAL CLASSIFICATION NUMBER | |
| Classification number | TV.0010 |
| 100 ## - MAIN ENTRY--AUTHOR NAME | |
| Personal name | Vaishampayan, Jayant Vinayak |
| 245 #0 - TITLE STATEMENT | |
| Title | Energy and economic development : An analysis of energy-economy interactions |
| 260 ## - PUBLICATION, DISTRIBUTION, ETC. (IMPRINT) | |
| Year of publication | 1986 |
| Name of publisher | University of Lucknow |
| 300 ## - PHYSICAL DESCRIPTION | |
| Number of Pages | 286p. |
| 650 ## - SUBJECT ADDED ENTRY--TOPICAL TERM | |
| Topical Term | FUEL |
| 650 ## - SUBJECT ADDED ENTRY--TOPICAL TERM | |
| Topical Term | SOLAR ENERGY |
| 650 ## - SUBJECT ADDED ENTRY--TOPICAL TERM | |
| Topical Term | ENERGY CONSERVATION - INDIA |
| 650 ## - SUBJECT ADDED ENTRY--TOPICAL TERM | |
| Topical Term | FORCE AND ENERGY |
| 650 ## - SUBJECT ADDED ENTRY--TOPICAL TERM | |
| Topical Term | POWER RESOURCES - INDIA |
| 650 ## - SUBJECT ADDED ENTRY--TOPICAL TERM | |
| Topical Term | ECONOMIC DEVELOPMENT - INDIA |
| 710 ## - ADDED ENTRY--CORPORATE NAME | |
| Corporate name or jurisdiction name as entry element | Nigam, B.K. |
| 942 ## - ADDED ENTRY ELEMENTS (KOHA) | |
| Koha item type | Thesis |
| Source of classification or shelving scheme | Dewey Decimal Classification |
| Withdrawn status | Lost status | Damaged status | Not for loan | Home library | Current library | Date acquired | Bill Date | Full call number | Accession Number | Price effective from | Koha item type |
|---|---|---|---|---|---|---|---|---|---|---|---|
| NASSDOC Library | NASSDOC Library | 08/10/2004 | 2004-10-22 | TV.0010 | 28529 | 18/04/2019 | Thesis |
